[Event "World Women-ch"]
[Site "Tirana"]
[Date "2011.11.17"]
[Round "3"]
[White "Koneru, Humpy"]
[Black "Hou, Yifan"]
[Result "0-1"]
[WhiteElo "2600"]
[BlackElo "2578"]
[Annotator "Mikhalchishin,A"]
[PlyCount "74"]
[EventDate "2011.11.14"]
[EventType "match"]
[EventRounds "10"]
[EventCountry "ALB"]
[SourceTitle "CBM 146"]
[Source "ChessBase"]
[SourceDate "2012.01.18"]
[SourceVersion "1"]
[SourceVersionDate "2012.01.18"]
[SourceQuality "1"]

{A very interesting repetition of chess history - in Bonn 2008 the match
Kramnik-Anand was decided in the Meran Defence, in which Anand won two games
with Black. Here another opening played this historic role - the Ragozin
Defence. It is easy to be the general after the fight, but it is clear, that
Koneru would have better chances in the Queen's Indian or Nimzo-Indian. But
the main point is different - both Kramnik and Koneru were well prepared in
the openings, but their practical preparation was very low - and their
trainers were guilty in both cases.} 1. d4 e6 2. c4 Nf6 3. Nf3 d5 4. Nc3 Bb4 5.
cxd5 exd5 6. Bg5 h6 ({Another way of unpinning looks less convincing -} 6...
Qd6 7. Nd2 $1 $14) 7. Bh4 ({It was possible to choose a less risky possibility:
} 7. Bxf6 Qxf6 8. Qb3 c5 9. a3 (9. e3 O-O 10. a3 Bxc3+ 11. Qxc3 Nd7 12. Be2 b6
13. O-O Bb7 14. b3 Rac8 15. Rfc1 Rc7 16. dxc5 Qxc3 17. Rxc3 Rxc5 18. Rcc1 Rfc8
19. Rcb1 Nf8 20. b4 Rc3 21. Nd4 a6 22. Nf5 Rd8 23. Rc1 Rxc1+ 24. Rxc1 Ne6 25.
h4 h5 26. Nd4 Nxd4 27. exd4 g6 28. Rc7 {and the World Champion herself was
suffering in this endgame in Stefanova,A (2528)-Hou,Y (2578)/Rogaska Slatina
SLO 2011. Strange - why did Koneru not like to try her chances here? It is
clear, that Hou plays these positions unconvincingly.}) 9... Bxc3+ 10. Qxc3 b6
11. e3 O-O 12. dxc5 Qxc3+ 13. bxc3 bxc5 14. O-O-O Be6 15. c4 dxc4 16. Ne5 c3
17. Kc2 Rc8 18. Rd6 Kf8 19. Be2 a6 20. Rhd1 Ra7 21. Bf3 Rac7 22. Ng6+ Ke8 23.
Nf4 Bd7 24. Kxc3 Ba4 25. Rb1 {with a clearly better endgame for White in
Kasimdzhanov,R (2681)-Vitiugov,N (2709)/Moscow RUS 2011.}) 7... c5 8. e3 (8.
dxc5 O-O 9. Rc1 g5 10. Bg3 Ne4 11. e3 Qa5 12. Be5 $146 Qxa2 13. Bd3 Qxb2 14.
Bxe4 dxe4 15. Rc2 Qb3 16. Nd2 Qe6 17. Bd6 Rd8 18. O-O $13 {happened in the
game Ponomariov-Kramnik, Nice rapid 2010.}) 8... c4 ({I remember with great
satisfaction my old beautiful win} 8... Nc6 9. Bb5 $1 (9. Rc1 $6 g5 10. Bg3 Qa5
11. Nd2 cxd4 12. exd4 O-O $15) 9... g5 $6 (9... Qa5) 10. Bg3 Ne4 11. O-O $1
Bxc3 12. bxc3 O-O (12... Nxc3 13. Bxc6+ bxc6 14. Qc2 Ne4 15. dxc5 $14) 13. Bxc6
bxc6 14. dxc5 $1 $14 Nxc5 $2 (14... Ba6) 15. Nd4 Ba6 (15... Qf6 16. f4 $16) 16.
Nxc6 $1 $16 (16. Qh5 $2 Bxf1 17. Qxh6 Ne4) 16... Qd7 17. Nb4 $1 Bxf1 18. Nxd5
Qe6 (18... Be2 19. Qd4 $36) 19. Kxf1 Rad8 20. c4 Ne4 21. Qd4 Rc8 $2 (21... f5
22. f3 $16) 22. Qxe4 {1-0 Mikhalchishin,A-Dolmatov,S/USSR 1978}) 9. Be2 ({
A move frequently played here is} 9. Nd2 g5 10. Bg3 Bf5 11. Be5 Bxc3 12. bxc3
Nbd7 13. Bd6 Qb6 14. Bg3 Qb2 15. Qc1 Qxc1+ 16. Rxc1 b5 17. f3 O-O 18. Kf2 Rfe8
19. a4 a6 20. Be2 Re6 21. Rhe1 Nb6 {with complicated play, Radjabov,T (2740)
-Eljanov,P (2751)/Astrakhan RUS 2010.}) 9... g5 10. Bg3 Ne4 11. Rc1 Qa5 12. Ne5
(12. O-O Bxc3 13. bxc3 Bf5 ({After} 13... Nxc3 {Onischchuk had problems in a
few games} 14. Rxc3 Qxc3 15. Ne5 O-O (15... Nc6 16. Bh5 O-O 17. Qf3 Nxe5 18.
Bxe5 Qd3 19. Qf6 Qh7 20. f4 $1 g4 21. f5 c3 22. Bg6 fxg6 23. Qxf8+ Kxf8 24.
fxg6+ Kg8 25. Rf8+ Kxf8 26. gxh7 $18) 16. Bh5 Be6 $1 {with very sharp play,})
14. Ne5 O-O 15. Bg4 Bh7 16. Bh3 Nc6 $13 {Moiseenko-Aleksandrov, Kramatorsk
2001.}) 12... Bxc3+ 13. bxc3 Nc6 14. O-O O-O ({It is very dangerous to take
the pawn} 14... Nxc3 15. Rxc3 Qxc3 16. Bh5 O-O 17. Qf3 (17. Bxf7+ Rxf7 18. Nxf7
Kxf7 19. Qf3+ Kg7 20. Qxd5 Qd3 21. Be5+ Nxe5 22. Qxe5+ Kg8 23. Qe8+ Kg7 24.
Qe7+ Kg8 25. Qe8+ Kg7 26. Qe7+ Kg8 27. Qe8+ {1/2 Nielsen,P (2670)-Palac,M 
(2586)/Aix-les-Bains FRA 2011}) 17... Nd8 $6 {Topalov,V (2775)-Aronian,L (2808)
/Monaco MNC 2011 . White has a dangerous initiative.} 18. Qf6) 15. Bf3 Nxg3 16.
fxg3 {Typical try to exploit the f-file.} Nxe5 ({Black is not worse after} 
16... f5 17. Qd2 Nxe5 18. dxe5 Be6) 17. dxe5 Be6 18. Bh5 $6 {This is wrong.
The correct ideas were centralisation and doubling in the f-file.} (18. Qd4
Rac8 19. Rf2) 18... Qxa2 19. Rf6 Qb2 $5 ({A draw was expected after} 19... Kg7
20. Qf3 Qa5 21. Rf1 Qc7 22. e4 dxe4 23. Qxe4 Qc6 24. Rg6+ fxg6 25. Qxg6+ $11)
20. Rxh6 Bf5 21. Rf6 $2 ({It was necessary to attack the central pawn
immediately:} 21. Bf3 Bg6 ({Now} 21... Bd3 {was wrong:} 22. Rh5) 22. h4 Kg7 23.
hxg5 Rae8 24. Bxd5 Rxe5 25. Bxc4 Rxg5 26. Rh4 Rxg3 27. Bd5 {and play is
unclear.}) 21... Be4 (21... Bd3 {was simpler:} 22. Rf2 Qa3 {and the queen gets
to a strong position on e7.}) 22. Bf3 $2 ({Koneru does nottake advantage of
the last chance to double on the f-file.} 22. Rf2 Qa3 23. Qd2 Rae8 24. Rcf1 Re7
25. e6 f5 26. Bf7+) 22... Bd3 23. Qe1 ({Black has a fantastic position after} 
23. Bxd5 Rad8 24. Bf3 Rde8) 23... Rae8 24. Bxd5 Rxe5 25. e4 Kg7 (25... Rd8 {
was very strong, or the capture on e4, but Hou plays very solidly. Black's
advantage is indisputable - the pawn on a7 is ready to start its celebration
march forward.}) 26. Rf2 Qb6 27. Qd2 Rd8 28. Qb2 {How it was possible to avoid
the swap of queens?} f5 $1 ({Black could avoid the exchange now by playing} 
28... Qe3) 29. Qxb6 axb6 30. Bxb7 fxe4 {Suddenly the central pawn takes the
main role.} 31. Rb2 ({There was the slightly better} 31. Ra2 e3 32. Bf3) 31...
Re7 32. Bc6 Rd6 33. Ba4 (33. Rxb6 {does not work:} Rc7) 33... e3 34. Re1 e2 35.
Bc2 Rf7 36. Bxd3 cxd3 37. Rd2 Rdf6 0-1

[Event "World Women-ch"]
[Site "Tirana"]
[Date "2011.11.21"]
[Round "6"]
[White "Koneru, Humpy"]
[Black "Hou, Yifan"]
[Result "0-1"]
[WhiteElo "2600"]
[BlackElo "2578"]
[Annotator "Mikhalchishin,A"]
[PlyCount "76"]
[EventDate "2011.11.14"]
[EventType "match"]
[EventRounds "10"]
[EventCountry "ALB"]
[SourceTitle "CBM 146"]
[Source "ChessBase"]
[SourceDate "2012.01.18"]
[SourceVersion "1"]
[SourceVersionDate "2012.01.18"]
[SourceQuality "1"]

1. d4 e6 2. c4 Nf6 3. Nf3 d5 4. Nc3 Bb4 5. Qa4+ Nc6 6. e3 O-O 7. Bd2 {Koneru
decided to switch to a more positional way. But she was not able to get any
real advantage and in the 8th game she tried another way.} (7. Qc2 dxc4 8. Bxc4
e5 9. a3 Bd6 10. d5 Ne7 11. O-O a6 12. b4 Bd7 13. Bb2 Ng6 14. Ng5 Qe7 15. Nge4
Nxe4 16. Nxe4 Bf5 17. Bd3 Bxe4 18. Bxe4 Qg5 {8th game Koneru,H (2600)-Hou
Yifan (2578)/Tirana ALB 2011. Black threats ...f7-f5 and it seems, that White
has no advantage.}) 7... dxc4 ({The more direct} 7... a6 {is possible:} 8. a3
Be7 9. Qc2 dxc4 10. Bxc4 Bd6 11. O-O (11. Ne4) 11... e5 12. d5 Ne7 13. h3 Bf5
14. e4 Bd7 15. Rfd1 Ng6 16. Bf1 Nh5 17. Bg5 Qc8 18. Be3 f5 $146 (18... Nhf4)
19. Rac1 f4 20. Bd2 {Karpov,A (2668)-Vescovi,G (2592)/Guarulhos (m/2-rapid)
2006. White got better chances.}) 8. Bxc4 Bd6 9. Qc2 a6 10. a3 e5 {It is
necessary to start counterplay urgently.} (10... h6 {was weaker:} 11. h3 e5 12.
d5 Ne7 13. Ba2 Bf5 14. e4 Bd7 15. Nh4 c6 16. dxc6 Nxc6 17. O-O Nd4 18. Qd1 Kh8
19. Nf3 Bc6 20. Re1 Qb6 21. b4 Rad8 22. Be3 Bb8 23. Rc1 Rd7 24. Na4 {
Damljanovic,B (2583)-Cabrilo,G (2487)/Petrovac 2004. The white knight on c5
will be stronger than its black counterpart on d4.}) 11. dxe5 ({Black had no
problems after closing off the centre} 11. d5 Ne7 12. e4 c6 13. dxc6 Nxc6 14.
Bg5 h6 15. Bh4 Bg4 16. Nd2 Nd4 17. Qd3 b5 {Miladinovic,I (2553)-Gyimesi,Z 
(2584)/Rogaska Slatina SLO 2009}) 11... Nxe5 12. Nxe5 Bxe5 13. f4 $5 {It is
necessary to go forward.} ({Nothing promised} 13. Bd3 Qe7 14. Ne4 Nxe4 15. Bxe4
g6 16. Bb4 Bd6 17. Bxd6 Qxd6) 13... Bxc3 $6 {This decision is a bit too
primitive.} ({It was possible to retreat with the bishop, as White's centre is
not as dangerous as it looks.} 13... Bd6 14. Bd3 Re8 15. O-O Bc5 16. Rae1 h6
17. Bc1 Qe7 18. Kh1 b5 19. e4 Bb7) 14. Bxc3 Qe7 ({It was more risky to try to
capture the pawn with the rook:} 14... Re8 15. O-O Rxe3 16. Rae1 Rxe1 17. Rxe1
{and it will be not easy to defend.}) 15. O-O ({Here Koneru could protect the
pawn with better play:} 15. Bd4 Ng4 16. Qc3) 15... Qxe3+ 16. Kh1 Qb6 17. f5 {
After this typical move White has full compensation for the pawn, but to get
more is difficult.} Bd7 18. Bb4 Rfe8 19. Rad1 Qc6 ({The pin looked to be very
dangerous for Black:} 19... a5 20. Bxf7+ Kxf7 21. Qc4+ Be6 22. fxe6+ Rxe6 23.
Bc3 Qc6 24. Qa2) 20. Qb3 ({Here it was necessary to take on f7 - I can't see a
direct win, but Hou Yifan would have had to suffer seriously in that case:} 20.
Bxf7+ Kxf7 21. Qb3+ Be6 22. fxe6+ Rxe6 23. Rc1 Qb6 24. Rc5 Rae8 25. Qc4 c6 26.
Re5) 20... Kh8 21. Rc1 $6 ({It was possible to keep some advantage with the
bishop pair:} 21. Bc3 Re7 22. Bxf7 Rf8 23. Bc4) 21... Qb6 ({It was better to
double rooks:} 21... Re5) 22. Bxf7 Re5 23. Bc3 ({If you play for all or
nothing, why swap queens?} 23. Qg3) 23... Qxb3 24. Bxb3 Re3 25. Bc4 (25. Rcd1 {
was a bit stronger:} Bc6 26. Rfe1 Rxe1+ 27. Rxe1 Ne4 28. Bd4) 25... Rae8 ({
It was better to establish control over the black squares with} 25... c5) 26.
Bd4 R3e7 27. Ba2 Re2 28. Bf7 ({After the pawn capture the opponent's pieces
would become more active.} 28. Rxc7 Bc6 29. Rg1 Rd8) 28... R8e7 29. Bc4 R2e4
30. Bc5 $6 ({The power of the bishop pair also lies in the possibility of
exchanging either one of them at a useful moment:} 30. Bxf6 $1 gxf6 31. Bd5 Re2
32. Bxb7 Bb5 33. b4 {and Black had to fight for a draw.}) 30... Re8 31. Bf7
R8e5 32. Ba2 $2 ({It was necessary to retreat} 32. Bg1) 32... Bc6 33. Rg1 Re2
34. Bd4 Rxf5 35. Bc4 Rd2 36. Bc3 $2 ({It was possible to fight on after} 36.
Be6) 36... Ne4 37. Rge1 Ng3+ 38. hxg3 Rh5+ 0-1

[Event "EU-ch 13th"]
[Site "Plovdiv"]
[Date "2012.03.23"]
[Round "4"]
[White "Edouard, Romain"]
[Black "Grandadam, Nicolas"]
[Result "1-0"]
[WhiteElo "2607"]
[BlackElo "2361"]
[Annotator "Mikhalchishin,A"]
[PlyCount "45"]
[EventDate "2012.03.20"]
[EventType "swiss"]
[EventRounds "11"]
[EventCountry "BUL"]
[SourceTitle "CBM 148"]
[Source "ChessBase"]
[SourceDate "2012.05.16"]
[SourceVersion "1"]
[SourceVersionDate "2012.05.16"]
[SourceQuality "1"]

1. c4 e6 2. Nf3 d5 3. d4 Nf6 4. Nc3 Bb4 5. cxd5 exd5 6. Bg5 Nbd7 7. Rc1 $5 c5
8. dxc5 Qa5 ({The capture leads to a slightly worse and unpleasant position
with an isolani:} 8... Nxc5 9. Qd4 $1 Bxc3+ 10. Qxc3 (10. Rxc3 Nce4 11. Bxf6
Nxf6 12. e3 O-O 13. Bd3 Re8 14. O-O Ne4 15. Rc2 b6 16. Bb5 Re7 17. Rfc1 Bb7 18.
h3 h6 19. b4 {Cvitan,O (2515)-Soffer,R (2440)/Biel 1990; with a clear
advantage.}) 10... Nce4 11. Bxf6 Qxf6 12. Qxf6 Nxf6 13. e3 Kd7 14. Nd4 a6 15.
Bd3 g6 16. f3 Kd6 17. Kd2 Bd7 18. Rc3 {White is better, but usually it is
impossible to win such endings.}) (8... O-O 9. a3 Bxc5 (9... Bxc3+ 10. Rxc3 h6
11. Bxf6 Nxf6 12. Qd4 Ne4 13. Rc1 Qa5+ 14. Qb4 Qxb4+ 15. axb4 a5 16. b5 Bd7 17.
Nd4 Rfc8 18. c6 bxc6 19. bxc6 Ng5 20. e3 Ne6 21. Nxe6 fxe6 22. Bb5 {Vallejo
Pons,F (2674)-Aronian,L (2724)/Khanty Mansiysk 2005; White has a clear
advantage.}) 10. e3 h6 11. Bxf6 Nxf6 12. Nxd5 b6 13. Bc4 Bb7 14. Nf4 Bd6 15.
Ne2 Bxf3 16. gxf3 Be5 17. Qb3 Nd7 18. f4 Bf6 19. O-O Nc5 20. Qc2 Qd7 21. Rfd1
Qh3 22. Ng3 Rad8 23. b4 {Kasimdzhanov,R (2702)-Lopez Martinez,J (2570)/Lugo
2009; Black has no real compensation for the pawn.}) 9. a3 $1 {This move leads
to an exchange sacrifice.} ({A very serious option is the bishop's retreat} 9.
Bd2 Bxc5 10. e3 Qd8 (10... Qb6 11. Na4 Qd6 12. Nxc5 Nxc5 13. Qc2 Nfe4 14. Nd4
a6 15. f3 Nxd2 16. Qxc5 Qxc5 17. Rxc5 Nxf1 18. Rxf1 O-O 19. Kd2 Rd8 20. Rfc1 h5
21. h4 Rb8 22. R1c3 {Magerramov,E (2560)-Goldin,V (2330)/Moscow 1991; Black
has a very difficult defence.}) 11. Qb3 O-O {Black is forced to sacrifice a
pawn:} 12. Nxd5 b6 13. Be2 (13. Bc4 Ne4 14. Qc2 Re8 15. Nc3 Ndf6 16. Nxe4 Nxe4
17. Qb3 Qe7 18. O-O Bg4 19. Rfd1 Bxf3 20. gxf3 Ng5 21. Bd5 Rad8 22. Be1 Qd7 23.
h4 {Huzman,A (2465)-Dizdar,G (2500)/Baku 1988; Once more - no real
compensation for the pawn.}) 13... Ne4 14. O-O Nxd2 15. Nxd2 Bb7 16. Rfd1 Bxd5
17. Qxd5 Nf6 18. Qf3 Qe7 19. Nb3 Bd6 20. Nd4 Bc5 21. Nc6 Qc7 22. b4 Bd6 23. g3
a6 24. a3 Rfe8 25. Nd4 {Lobron,E (2540)-Gulko,B (2565)/Vienna 1991; the same
case - no compensation.}) 9... Bxc3+ 10. Rxc3 Ne4 11. Bd2 Nxc3 ({Young
superstar Magnus Carlsen had the feeling that it's deadly dangerous to take
this exchange, so he avoided it successfully:} 11... Ndxc5 12. Rc1 Nxd2 13.
Qxd2 Qxd2+ 14. Nxd2 b6 15. e3 Ke7 16. b4 Ne6 17. Nb3 a5 18. bxa5 Bd7 19. Rc3
bxa5 20. Kd2 Rab8 $1 {This isolani is not a target at all.} 21. Bd3 (21. Nxa5
Rb2+ 22. Rc2 Rxc2+ 23. Kxc2 Ra8) 21... a4 22. Nd4 Nxd4 23. exd4 Rb2+ 24. Rc2
Rb3 25. Rc3 Rb2+ 26. Rc2 Rb3 27. Ra2 Rc8 28. Re1+ Kd6 29. Re3 h6 30. h4 g5 31.
hxg5 hxg5 32. Bc2 Rbb8 33. Rc3 Rxc3 34. Kxc3 Rc8+ 35. Kd2 Rc4 36. Ke3 Rc3+ 37.
Kd2 Rc4 38. Ke3 Rc3+ 39. Kd2 {1/2 Navara,D (2660)-Carlsen,M (2625)/Wijk aan
Zee 2006}) 12. Bxc3 Qxc5 13. Bxg7 Rg8 14. Bd4 ({Another bishop retreat is
possible, but it is more useful to win a tempo:} 14. Bc3 Nb6 15. g3 Be6 16. Bg2
O-O-O {The black king hopes to find a safe haven on the other side, but the
pawn weaknesses are the decisive element.} 17. O-O Kb8 18. Qd2 Rc8 19. Nd4 Ka8
20. Qf4 Nc4 21. Qh4 Qb6 22. Qxh7 Rge8 23. e3 Nxb2 24. Nxe6 Na4 25. Bd4 Qxe6 26.
Bh3 Qe7 27. Bxc8 Rxc8 28. Qf5 Qf8 29. Qxd5 Nc3 30. Bxc3 Rxc3 31. Rb1 Rc6 32.
Qd7 Qc8 33. Qxc8+ Rxc8 34. Rb3 {1-0 Calderin,R (2345)-Pazos Gambarrotti,P 
(2330)/Cienfuegos 1991}) 14... Qe7 ({Another retreat allows White to develop
simply, forgetting the exchange:} 14... Qd6 15. g3 Nb6 16. Bg2 Bf5 17. O-O Be4
18. a4 Qb4 19. Bh3 Nc4 20. Qc1 Bxf3 21. exf3 Qd2 22. Re1+ Kf8 23. Bc5+ Kg7 24.
Qb1 Nxb2 25. Bf1 Rgc8 26. Be3 Qc3 27. Qf5 Qxe1 28. Bh6+ Kxh6 29. Qf6+ {1-0
Donoso,C-Endara,N/Pichincha 1962/EXT 2003}) 15. g3 Nc5 (15... Nf6 {did not
make a big difference:} 16. Bg2 Be6 17. O-O Ne4 18. Qd3 a6 19. Rd1) 16. Qc2 ({
The same was achieved after} 16. Bg2 Bf5 17. Nh4 Be4 18. f3 Bg6 19. O-O) 16...
Ne4 17. Bg2 Bf5 (17... Be6 18. O-O a6 19. Qd3 Rc8 20. Rd1) 18. Qb3 Be6 19. O-O
f6 20. Bc3 ({The white position on the long run is so powerful, that it is not
clear which bishop retreat is better:} 20. Be3) 20... Kf7 21. Nd4 b6 22. Rd1
Kg7 $4 {A blunder, but Black can not have rosy hopes even after} (22... Rae8)
23. Bxe4 1-0